00453nam a2200157Ia 4500003000400000005001700004008004100021020001800062040000900080082001900089100003100108245008700139260003900226300000900265650002100274OSt20200923100129.0190216s9999||||xx |||||||||||||| ||und|| a9798125003037 coclc a581.634bVAR/I aVarier, Vaidyaratnam P S  0aIndian Medicinal Plants :bA Compendium Of 500 Species /cVaidyaratnam P S Varier bOrient Longman,c1994.aNew Delhi: a420p aMedicinal Plants